Mines and mineral resources of Kern County, California / (Record no. 29701)

MARC details
000 -LEADER
fixed length control field 01168cam a22003011i 4500
001 - CONTROL NUMBER
control field gs 63000194
003 - CONTROL NUMBER IDENTIFIER
control field DLC
005 - DATE AND TIME OF LATEST TRANSACTION
control field 20260227111412.0
008 - FIXED-LENGTH DATA ELEMENTS--GENERAL INFORMATION
fixed length control field 770712s1962 cauab 001 0 eng
010 ## - LIBRARY OF CONGRESS CONTROL NUMBER
LC control number gs 63000194
035 ## - SYSTEM CONTROL NUMBER
System control number (OCoLC)3108185
040 ## - CATALOGING SOURCE
Original cataloging agency DLC
Transcribing agency AzFU
Modifying agency AzFU
-- DLC
042 ## - AUTHENTICATION CODE
Authentication code premarc
043 ## - GEOGRAPHIC AREA CODE
Geographic area code n-us-ca
050 00 - LIBRARY OF CONGRESS CALL NUMBER
Classification number TN24.C2
Item number A322 no. 1
100 1# - MAIN ENTRY--PERSONAL NAME
Personal name Troxel, Bennie W.
Fuller form of name (Bennie Wyatt),
Dates associated with a name 1920-
245 10 - TITLE STATEMENT
Title Mines and mineral resources of Kern County, California /
Statement of responsibility, etc. by Bennie W. Troxel and Paul K. Morton.
260 ## - PUBLICATION, DISTRIBUTION, ETC.
Place of publication, distribution, etc. San Francisco :
Name of publisher, distributor, etc. California Division of Mines and Geology,
Date of publication, distribution, etc. 1962.
300 ## - PHYSICAL DESCRIPTION
Extent 370 p. :
Other physical details ill., maps (some col.) ;
Dimensions 28 cm.
490 1# - SERIES STATEMENT
Series statement County report - California Division of Mines and Geology ;
Volume/sequential designation 1
500 ## - GENERAL NOTE
General note Part of illustrative matter folded in pocket.
504 ## - BIBLIOGRAPHY, ETC. NOTE
Bibliography, etc. note Includes bibliography and index.
650 #0 - SUBJECT ADDED ENTRY--TOPICAL TERM
Topical term or geographic name entry element Mines and mineral resources
Geographic subdivision California
-- Kern County.
650 #0 - SUBJECT ADDED ENTRY--TOPICAL TERM
Topical term or geographic name entry element Ore deposits
Geographic subdivision California
-- Kern County.
650 #0 - SUBJECT ADDED ENTRY--TOPICAL TERM
Topical term or geographic name entry element Geology
Geographic subdivision California
-- Kern County.
700 1# - ADDED ENTRY--PERSONAL NAME
Personal name Morton, Paul K.
Relator term joint author.
810 1# - SERIES ADDED ENTRY--CORPORATE NAME
Corporate name or jurisdiction name as entry element California.
Subordinate unit Division of Mines and Geology.
Title of a work County report ;
Volume/sequential designation no. 1.

No items available.

Powered by Koha